NHL Players with First Names as Last Names - Statistics

General Stats
  • This quiz has been taken 46 times
  • The average score is 9 of 26
Answer Stats
Hint Hint Answer % Correct
Connor Patrick Kyle Connor
59%
Ryan Dakota Nolan Patrick
51%
Brock Joshua Anders Lee
46%
Terry Wilson Ian Cole
46%
Richard Carter Maurice Richard
46%
James Roy Tom Wilson
44%
Ian Curtis Shea Theodore
38%
Jeff Kyle Troy Terry
38%
Joseph Troy James Neal
36%
Bobby Dale Lucas Raymond
36%
Francis Neal Nick Roy
36%
Irwin Brian Rick Nash
36%
Steve Mason Brock Nelson
33%
Nolan Martin Devon Levi
33%
Rick Lucas Dakota Joshua
28%
Stuart Ronald Jeff Carter
28%
Lee Cole Mark Stuart
28%
Mark Maurice Ronald Francis
28%
Hunter Nash Tim Thomas
28%
Thomas Levi Bobby Ryan
26%
Tom Theodore Curtis Joseph
26%
Paul Matt Matt Irwin
26%
Nelson Devon Paul Martin
26%
Nick Tim Steve Mason
26%
Anders Shea Dale Hunter
23%
Eliott Raymond Brian Eliott
21%
No matching quizzes found
Score Distribution
Percent of People with Each Score
Percentile by Number Answered
Your Score History
You have not taken this quiz